书目信息 |
| 题名: |
名画鉴赏手册
|
|
| 作者: | 洛德威克 编著 ;黄昱宁 , 张勤文 , 颜凌 译 | |
| 分册: | ||
| 出版信息: | 上海 上海科学技术出版社 2011.01 |
|
| 页数: | 224页 | |
| 开本: | 21cm | |
| 丛书名: | 鉴赏与品味系列 | |
| 单 册: | ||
| 中图分类: | J205.1 | |
| 科图分类: | ||
| 主题词: | 绘画--hui hua--鉴赏--世界 | |
| 电子资源: | ||
| ISBN: | 978-7-5323-7060-3 | |
| 000 | 01334nam 2200313 450 | |
| 001 | 012011677514 | |
| 005 | 20110922174437.60 | |
| 010 | @a978-7-5323-7060-3@b精装@dCNY58.00 | |
| 100 | @a20110922d2011 em y0chiy0120 ea | |
| 101 | 1 | @achi@ceng |
| 102 | @aCN@b310000 | |
| 105 | @aac z 001yy | |
| 106 | @ar | |
| 200 | 1 | @a名画鉴赏手册@Aming hua jian shang shou ce@d= The gallery companion : a connoisseur's guide@f马库斯·洛德威克编著@Fma ku si·luo de wei ke bian zhu@g黄昱宁, 张勤文, 颜凌译@Ghuang yu ning,zhang qin wen,yan ling yi@zeng |
| 210 | @a上海@c上海科学技术出版社@d2011.01 | |
| 215 | @a224页@c彩图, 肖像@d21cm | |
| 225 | 2 | @a鉴赏与品味系列@Ajian shang yu pin wei xi lie |
| 320 | @a有索引 | |
| 330 | @a本手册对150多名在壁画及油画上最有代表性的人物逐一说明。内容分两部分:古典人物部分介绍了取材自古希腊和古罗马神话及历史的人物;圣经和宗教部分所描述的人物则来源于旧约、新约以及此后的圣徒。 | |
| 410 | 0 | @12001 @a鉴赏与品味系列@v15 |
| 500 | 10 | @aGallery companion : a connoisseur's guide、@mChinese |
| 606 | 0 | @a绘画@Ahui hua@x鉴赏@y世界 |
| 690 | @aJ205.1@v4 | |
| 701 | 1 | @a洛德威克@Aluo de wei ke@g(Lodwick, Marcus)@4编著 |
| 702 | 0 | @a黄昱宁@Ahuang yu ning@4译 |
| 702 | 0 | @a张勤文@Azhang qin wen@4译 |
| 702 | 0 | @a颜凌@Ayan ling@4译 |
| 801 | 0 | @aCN@bQSSK@c20110922 |
| 905 | @b794639-41@dJ205.1@eL985@f3 | |
| 名画鉴赏手册= The gallery companion : a connoisseur's guide/马库斯·洛德威克编著/黄昱宁, 张勤文, 颜凌译.-上海:上海科学技术出版社,2011.01 |
| 224页:彩图, 肖像;21cm.-(鉴赏与品味系列) |
| ISBN 978-7-5323-7060-3(精装):CNY58.00 |
| 本手册对150多名在壁画及油画上最有代表性的人物逐一说明。内容分两部分:古典人物部分介绍了取材自古希腊和古罗马神话及历史的人物;圣经和宗教部分所描述的人物则来源于旧约、新约以及此后的圣徒。 |
| ● |
| 相关链接 |
|
|
|
正题名:名画鉴赏手册
索取号:J205.1/L985
 
预约/预借
| 序号 | 登录号 | 条形码 | 馆藏地/架位号 | 状态 | 备注 |
| 1 | 794639 | 207946393 | 社科库309/309社科库 67排1列4层/ [索取号:J205.1/L985] | 在馆 | |
| 2 | 794640 | 207946400 | 社科库309/309社科库 67排1列4层/ [索取号:J205.1/L985] | 在馆 | |
| 3 | 794641 | 207946419 | 社科库309/309社科库 67排1列4层/ [索取号:J205.1/L985] | 在馆 |